000 00576nam a2200241Ia 4500
003 OSt
005 20220924141432.0
006 a|||||r|||| 00| 0
007 ta
008 220923b |||||||| |||| 00| 0 ben d
024 _a298224
037 _cTextual
040 _aARTS
_cARTS
_bben
041 _2ben
_aben
082 _aO157:g, J9
100 _aChaudhuri
245 0 _aSahityer gati o prakrit
260 _c1959
300 _a120p.
_ccm.
650 _aBENGALI LITERATURE
942 _hO157:g, J9
_cTEXL
_2CC
999 _c447252
_d447252